All Things Iran. - Statistics

General Stats
  • This quiz has been taken 30 times
  • The average score is 3 of 10
Answer Stats
Hint Answer % Correct
Capital? Tehran
96%
Currency? Rial
80%
Ancient Region? Persia
44%
National Dish? Ghormeh Sabzi
24%
National Sport? Soccer
24%
Who Did They Fought With? United States
12%
Biggest River? Karun
8%
Ruler? Ebrahim Raisi
4%
Biggest Lake? Lake Urmia
4%
Name Of The War? Persian Gulf
4%
No matching quizzes found
Score Distribution
Percent of People with Each Score
Percentile by Number Answered
Your Score History
You have not taken this quiz